​greedy - Tate McRae - All Lyrics - Statistics

General Stats
  • This quiz has been taken 948 times
  • The average score is 217 of 271
Answer Stats
Answer % Correct
I
99%
(I
99%
uh)
97%
(Uh-uh,
97%
uh-uh)
97%
uh-uh-uh,
97%
you
97%
You
97%
you?"
97%
Oh-oh,
96%
yeah
96%
yeah,
96%
Yeah,
96%
me
95%
me,
95%
my
95%
greedy
93%
He
93%
don't
92%
want
92%
myself
91%
myself)
91%
Baby,
90%
your
89%
get
87%
know
87%
So
87%
so
87%
(So,
87%
so)
87%
Just
86%
just
86%
said,
86%
said
86%
that
86%
That
86%
to
86%
would
86%
please
84%
hell
83%
through
82%
"Are
81%
put
81%
believe
80%
but
80%
of
77%
serious?
77%
well
77%
an
76%
I’ll
76%
sure
75%
ta-
75%
(Ta-ta-),
75%
you're
75%
yourself
75%
can't
74%
Can’t
74%
I'm
74%
"I'm
74%
out
73%
say,
73%
not
72%
talkin',
72%
all
71%
and
71%
what
71%
about
70%
like
70%
much
70%
shit
70%
still
70%
won't
70%
end
68%
I've
68%
I’ve
68%
keep
68%
night
68%
tell
68%
comin'
67%
mouth
67%
some
67%
at
66%
been
66%
figure
65%
love
65%
is
64%
this
64%
loo-
63%
(Loo-loo-),
63%
Or
63%
or
63%
next
62%
never
61%
age
60%
for
60%
see
60%
hate
59%
if
59%
sweet
59%
escape
58%
half
58%
lookin'
58%
name
58%
real
58%
tried,
58%
check",
57%
how
55%
past
55%
someone
55%
down,
54%
curious,
53%
got
51%
met
51%
Obvious
51%
you'll
51%
eyein'
49%
runnin'
49%
crazy,
47%
did
47%
"Lemme
47%
effect?"
46%
room
44%
around
43%
act?
42%
Drive
19%
No matching quizzes found
Score Distribution
Percent of People with Each Score
Percentile by Number Answered
Your Score History
You have not taken this quiz